London match / (Record no. 130356)

MARC details
000 -LEADER
fixed length control field 00570nam a22002177a 4500
005 - DATE AND TIME OF LATEST TRANSACTION
control field 20170124110110.0
010 ## - LIBRARY OF CONGRESS CONTROL NUMBER
LC control number A-260069
020 ## - INTERNATIONAL STANDARD BOOK NUMBER
Terms of availability 00.00
International Standard Book Number 0091618908
035 ## - SYSTEM CONTROL NUMBER
System control number A-260069
037 ## - SOURCE OF ACQUISITION
Source of stock number/acquisition Cen Lib/Ret
040 ## - CATALOGING SOURCE
Original cataloging agency DPL
Language of cataloging EN
082 ## - DEWEY DECIMAL CLASSIFICATION NUMBER
Classification number N
Item number DEI
100 ## - MAIN ENTRY--PERSONAL NAME
Personal name Deighton, Len
9 (RLIN) 102362
245 ## - TITLE STATEMENT
Title London match /
Statement of responsibility, etc by Len Deighton
260 ## - PUBLICATION, DISTRIBUTION, ETC. (IMPRINT)
Place of publication, distribution, etc London
Name of publisher, distributor, etc Hutchinson
Date of publication, distribution, etc 1985
270 ## - ADDRESS
City London
Address 17-22 Conway street
300 ## - PHYSICAL DESCRIPTION
Extent 405p.
Dimensions 21cm(Hb)
650 ## - SUBJECT ADDED ENTRY--TOPICAL TERM
Topical term or geographic name as entry element English Lliterature
9 (RLIN) 102363
650 ## - SUBJECT ADDED ENTRY--TOPICAL TERM
Topical term or geographic name as entry element English novel
9 (RLIN) 14422
942 ## - ADDED ENTRY ELEMENTS (KOHA)
Source of classification or shelving scheme Dewey Decimal Classification
Koha item type English Books
Classification part N
Call number suffix DEI
Holdings
Withdrawn status Lost status Damaged status Not for loan Home library Current library Date acquired Source of acquisition Cost, normal purchase price Total Checkouts Full call number Barcode Date last seen Copy number Cost, replacement price Price effective from Koha item type Public note
Written off       Central Library Central Library 09/07/2015 Cen Lib/Ret 0.00   N DEI A-260069 09/07/2015 1 0.00 09/07/2015 English Books W/d List No. 6861/ 9 ; dtd 06/08/2020

© Delhi Public Library
Hit Counter
free hit counter